Statistics for Fearless (Taylor's Version) Tracklist

Click here to take the quiz!

General Stats

  • This quiz has been taken 86 times
  • The average score is 18 of 25

Answer Stats

HintAnswer% Correct
1Fearless
95%
24Don't You
93%
3Love Story
93%
10The Way I Loved You
93%
5White Horse
90%
6You Belong With Me
88%
2Fifteen
78%
11Forever & Always
78%
25Bye Bye Baby
75%
4Hey Stephen
75%
21Mr. Perfectly Fine
73%
23That's When
73%
12The Best Day
73%
7Breathe
70%
13Change
68%
8Tell Me Why
68%
19Today Was A Fairytale
68%
16Come In With The Rain
65%
9You're Not Sorry
65%
14Jump Then Fall
63%
22We Were Happy
63%
20You All Over Me
63%
17Superstar
60%
18The Other Side Of The Door
60%
15Untouchable
60%

Score Distribution

Percentile by Number Answered

Percent of People with Each Score

Your Score History

You have not taken this quiz